Statistics for Coffee Knowledge

Click here to take the quiz!

General Stats

  • This quiz has been taken 6,890 times
  • The average score is 10 of 17

Answer Stats

Question Answer % Correct
What is the French word for coffee?Café
95%
In what country was espresso invented?Italy
94%
What stimulant is found in coffee?Caffeine
89%
Which country grows the most coffee?Brazil
82%
In what city did Starbucks start?Seattle
76%
What Indonesian island is also a slang word for coffee?Java
74%
What, besides coffee, is the main ingredient in an Irish coffee?Irish whiskey
69%
What drink can you order at a typical American coffee shop that is most
similar to what Australians call a "flat white"?
a Latte
65%
What is the only U.S. state in which coffee is grown?Hawaii
62%
What city's famous coffee houses have played host to many notables including
Sigmund Freud, Leon Trotsky, and Gustav Klimt?
Vienna
57%
What device is also know as a cafetière or a coffee plunger?{French} Press
52%
What, besides coffee, goes into an americano?Water
48%
What coffee and donuts chain was started by a Canadian hockey player?Tim Hortons
44%
Name one of the two commonly-grown species of coffee.Arabica or Robusta
42%
What, because of a political grudge, do many Greeks call "Greek coffee"?{Turkish} Coffee
42%
What, besides coffee, goes into an affogato?Ice Cream
26%
In what country was coffee first consumed as a beverage?Yemen
8%

Score Distribution

Percentile by Number Answered

Percent of People with Each Score

Your Score History

You have not taken this quiz